Score 0/18 Timer 06:00
0 Plays Today
Question Missing word(s) % Correct
Why is B--- short for William?Bill
89.9%
Why is c-------- bad for dogs?chocolate
88.1%
How can we see the M---- Way if we are in it?Milky
87.3%
Why was the M---- Carta important?Magna
86.6%
Why are the K---------- famous?Kardashians
81.5%
Why do cats p---?purr
80.4%
When did the C--- War start?Cold
75.8%
Can I use P----- on Amazon?PayPal
65.2%
Why are so many b--- dying?bees
63.8%
Question Missing word(s) % Correct
Should I become a v---------?vegetarian
59.9%
How many is a f--?few
55.8%
Does V----- work?Viagra
50.8%
Did O----- act alone?Oswald
47.7%
Why do professional athletes go b----?broke
44.2%
Was there really a T----- War?Trojan
39.7%
Are y---- contagious?yawns
38.7%
Why do Americans call it s-----?soccer
31.3%
Is F---- a true story?Fargo
27%

You're not logged in!

Compare scores with friends on all Sporcle quizzes.
OR
Log In

Sporcle TV

Today on Sporcle TV


Watch our educational content, quiz creation guides, and fun videos on Sporcle TV.

Show Comments

Extras

Top Quizzes Today


Score Distribution

Paid Content

Your Account Isn't Verified!

In order to create a playlist on Sporcle, you need to verify the email address you used during registration. Go to your Sporcle Settings to finish the process.

Report this User

Report this user for behavior that violates our Community Guidelines.

Details: